Multicultural Education: A Caring-Centered, Reflective Approach (Record no. 5407)

MARC details
005 - DATE AND TIME OF LATEST TRANSACTION
control field 20250626144446.0
020 ## - INTERNATIONAL STANDARD BOOK NUMBER
International Standard Book Number 978-0-07-282788-0
082 ## - DEWEY DECIMAL CLASSIFICATION NUMBER
Classification number 370.117 PAN
100 ## - MAIN ENTRY--PERSONAL NAME
Author name PANG, O. V
245 ## - TITLE STATEMENT
Title Multicultural Education: A Caring-Centered, Reflective Approach
250 ## - EDITION STATEMENT
Edition statement 2nd Ed.
260 ## - PUBLICATION, DISTRIBUTION, ETC.
Place of publication, distribution, etc. Boston
Name of publisher, distributor, etc. McGraw-Hill
Date of publication, distribution, etc. 2005
300 ## - PHYSICAL DESCRIPTION
Extent xxv, 451p.: ill.; pictures
Other physical details Index
Dimensions 24cm
942 ## - ADDED ENTRY ELEMENTS (KOHA)
Source of classification or shelving scheme Dewey Decimal Classification
Koha item type Books
Holdings
Date last seen Total checkouts Full call number Barcode Cost, replacement price Price effective from Koha item type Lost status Source of classification or shelving scheme Damaged status Not for loan Withdrawn status Home library Current library Shelving location Date acquired Source of acquisition Cost, normal purchase price
06/26/2025   370.117 MZA0002296 150000.00 06/26/2025 Books   Dewey Decimal Classification       CBE Mwanza CBE Mwanza General Collection 06/22/2009 Library Budget 50000.00
06/26/2025   370.117 MZA0002297 150000.00 06/26/2025 Books   Dewey Decimal Classification       CBE Mwanza CBE Mwanza General Collection 06/22/2009 Library Budget 50000.00